Tous les clubs de Ligue 2 depuis 2002 - Statistiques

Statistiques générales
  • Ce quiz a été pris 496 fois
    132 depuis la dernière actualisation
  • Le résultat moyen est 43 sur 63
Statistiques - réponses
Club % Correct
AS Saint-Étienne
92%
FC Lorient
92%
Girondins de Bordeaux
91%
Amiens
89%
Paris FC
89%
RC Lens
89%
Stade Brestois
89%
RC Strasbourg
88%
Toulouse
88%
Le Havre
87%
Red Star
87%
AJ Auxerre
85%
Montpellier
85%
SCO Angers
85%
SM Caen
85%
AS Monaco
84%
FC Metz
84%
Le Mans
84%
FC Nantes
83%
FC Sochaux
83%
Valenciennes
83%
Clermont
81%
ESTAC Troyes
81%
Rodez
81%
US Orléans
81%
AS Nancy
80%
EA Guingamp
80%
Pau FC
80%
Stade de Reims
80%
Nîmes Olympique
79%
Évian Thonon Gaillard
76%
FC Annecy
76%
Dijon FCO
75%
Tours
75%
Gazélec FC Ajaccio
73%
Grenoble
73%
US Boulogne
73%
USL Dunkerque
73%
LB Châteauroux
72%
CS Sedan Ardennes
71%
Istres FC
71%
Quevilly Rouen Métropole
71%
AC Ajaccio
68%
Stade Lavallois
68%
AC Arles
67%
Chamois Niortais
65%
SC Bastia
61%
Vannes
60%
US Créteil
49%
FC Gueugnon
48%
FC Sète
47%
ASOA Valence
44%
AS Beauvais
40%
CA Bastia
40%
Bourg-en-Bresse Péronnas
39%
AS Béziers
33%
FC Chambly Oise
32%
Wasquehal
32%
Racing Besançon
31%
FC Libourne-Saint-Seurin
29%
FC Rouen
23%
FC Martigues
17%
US Concarneau
12%
Aucun quiz correspondant
Distribution des résultats
% des personnes avec chaque résultat
Percentile par nombre de réponses
Votre historique - résultats
Vous n’avez pas pris ce quiz depuis la dernière actualisation